Statistiques concernant Les surnoms des équipes de football françaises

Cliquez ici pour prendre le quiz!

Statistiques générales

  • Ce quiz a été pris 1 652 fois
  • Le résultat moyen est 9 sur 30

Statistiques - réponses

HintRéponse% Correct
A. S. Saint-EtienneLes Verts
74%
F. C. NantesLes Canaris
71%
Lille O. S. C.Les Dogues
71%
F. C. LorientLes Merlus
62%
Olympique LyonnaisLes Gones
60%
R. C. LensLes Sang Et Or
60%
O. G. C. NiceLes Aiglons
57%
Olympique MarseilleLes phocéens
56%
Nîmes OlympiqueLes Crocodiles
53%
F. C. G. BordeauxLes Girondins
51%
A. C. Arles-AvignonLes Lions
38%
F. C. NiortLes Chamois
35%
F. C. MetzLes Grenats
32%
C. S. SedanLes Sangliers
31%
F. C. Sochaux-MontbéliardLes Lionceaux
20%
Toulouse F. C.Le Téfécé
19%
Montpellier H. S. C.La Paillade
12%
A. S. Nancy-LorraineLes Chardons
12%
F. C. GueugnonLes Forgerons
8%
Stade Lavallois Mayenne F. C.Les Tangos
8%
R. C. Strasbourg AlsaceLes Cigognes
7%
A. C. AjaccioLes Ours
7%
Stade De ReimsLes Rouges Et Blancs
5%
F. C. LibourneLes Pingouins
4%
A. J. AuxerreLes Ajaïstes
2%
U. S. Créteil-LusitanosLes Béliers
2%
F. C. DieppeLes Harengs
2%
U. S. ConcarneauLes Thoniers
2%
Vannes O. C.Les Vénètes
1%
Istres F. C.Les Aviateurs
0%

Distribution des résultats

Percentile par nombre de réponses

% des personnes avec chaque résultat

Votre développement - résultats

Vous n’avez pas pris ce quiz